| 000 | 00545nam a2200193 a 4500 | ||
|---|---|---|---|
| 005 | 20140310183433.0 | ||
| 008 | 080114s19uu xx 00 eng d | ||
| 020 | _a0324323433 | ||
| 050 |
_aHB 171.5 _b.B322 2006 |
||
| 100 | _aBaumol, William J. | ||
| 245 |
_aEconomics : _bprinciples and policy / _cWilliam J. Baumol |
||
| 260 |
_aAustralia : _bThomson South-Western, _c2006. |
||
| 300 |
_a796 p. : _bcol. ill. ; _c28 cm. |
||
| 521 | _aBSBA | ||
| 650 | _aEconomics. | ||
| 700 | _aBlinder, Alan S. | ||
| 942 |
_cBK _2lcc _kFOR |
||
| 999 |
_c22795 _d22795 |
||